| 000 | 01350nam0a2200373 4500 | ||
|---|---|---|---|
| 001 | RU\NLR\bibl\1840808 | ||
| 005 | 20250616172033.0 | ||
| 010 |
_a978-5-9567-1481-2 _92000 |
||
| 021 |
_aRU _b2011-88400 _96309 |
||
| 035 | _a(nilc)RSL-KNO-005077284 | ||
| 035 | _a(NLR Aleph) 001831270 | ||
| 090 |
_a2142098 _c2142098 |
||
| 100 | _a20111114d2012 |||y0rusy50 ca | ||
| 101 | 0 | _arus | |
| 102 | _aRU | ||
| 105 | _aa ||||||||| | ||
| 200 | 1 |
_aУчимся плести из лозы _eкрасивые вещи своими руками _fА. Хомяк |
|
| 210 |
_aРостов-на-Дону _cВладис _aМосква _cРИПОЛ классик _d2012 [т.е. 2011] |
||
| 215 |
_a222, [1] с., [12] л. цв. ил. _cил. _d24 |
||
| 225 | 1 | _aКрасивые вещи своими руками | |
| 300 | _aФактическая дата выхода в свет : 2011 | ||
| 606 | 1 |
_aПлетение из лозы _91556168 _3RU\NLR\auth\66680142 |
|
| 686 |
_aМ137.2я9 _2rubbk |
||
| 686 |
_aЩ125.508.07я9 _2rubbk |
||
| 686 | _aМ137.2 | ||
| 700 | 1 |
_aХомяк _bА. Н. _gАлександр Николаевич _4070 |
|
| 801 | 0 |
_aRU _bRuMoRKP _c20111114 _grcr |
|
| 801 | 1 |
_aRU _bРГБ _c20111114 |
|
| 801 | 2 |
_aRU _bNLR _c20111130 _grcr |
|
| 830 | _aавт. по кн. | ||
| 942 | _cBOOK | ||
| 980 | _aNB | ||
| 980 | _aNBR | ||